Effectif Espagne - Euro 2008 - Statistiques

Statistiques générales
  • Ce quiz a été pris 97 fois
  • Le résultat moyen est 12 sur 24
Statistiques - réponses
POSTE CLUB NUMERO JOUEUR % Correct
MIL FC Barcelone 6 Andrés Iniesta
97%
G Real Madrid 1 Iker Casillas
97%
MIL FC Barcelone 8 Xavi
95%
DEF Real Madrid 15 Sergio Ramos
93%
DEF FC Barcelone 5 Carles Puyol
90%
ATT Liverpool 9 Fernando Torres
90%
ATT Valence CF 7 David Villa
87%
MIL Liverpool 14 Xabi Alonso
77%
G Liverpool 23 Pepe Reina
74%
MIL FC Barcelone 10 Cesc Fàbregas
65%
DEF Villarreal 11 Joan Capdevilla
59%
DEF Real Madrid 18 Álvaro Arbeloa
58%
MIL Valence CF 21 David Silva
52%
DEF Real Madrid 2 Raúl Albiol
48%
MIL Villarreal 12 Santi Cazorla
33%
MIL Villarreal 19 Marcos Senna
28%
COACH - - Luis Aragonés
23%
ATT RCD Majorque 17 Daniel Güiza
14%
G FC Séville 12 Andrés Palop
10%
MIL Getafe 22 Rubén de la Red
9%
ATT Betis Séville 16 Sergio García
6%
DEF RCD Majorque 3 Fernando Navarro
5%
DEF Betis Séville 20 Juanito
5%
DEF Valence CF 4 Carlos Machena
3%
Aucun quiz correspondant
Distribution des résultats
% des personnes avec chaque résultat
Percentile par nombre de réponses
Votre historique - résultats
Vous n’avez pas pris ce quiz